| 000 | 00545nam a2200157Ia 4500 | ||
|---|---|---|---|
| 008 | 170221s9999 xx 000 0 und d | ||
| 100 | _aAhmed Abdalla | ||
| 245 | 3 | _aAn Improved Radar ECCM Method Based on Orthogonal Pulse Block and Parallel Matching Filter | |
| 245 | _cAhmed Abdalla, Zhao Yuan, Mohammed Ramadan, and Tang Bin | ||
| 260 | _bJournal of Communications | ||
| 260 | _c2014 | ||
| 300 | _a34 : 4 | ||
| 650 | _xCommunication | ||
| 650 | _xMedia Arts | ||
| 856 | _uhttp://www.jocm.us/index.php?m=content&c=index&a=lists&catid=150 | ||
| 999 |
_c310767 _d310767 |
||